000 00291nam a22001337a 4500
008 170824b xxu||||| |||| 00| 0 eng d
020 _a9780071398770
041 _aeng
080 _a51
100 _a38
101 _aMAT
245 _aDISCRETE MATHRMATICS
_cLIPSCHUTZ.S
942 _2udc
_cBK
999 _c24844
_d24844